Wear of flat cutting cultivator sweeps in relation to speed of movement and mechanical properties of the soil /

Saved in:
Bibliographic Details
Main Author: Dovlatʻyan, V. A.
Format: Book
Language:English
Russian
Published: Springfield, Va. : NTIS, 1972.
Series:PB ; 210 363-T
Subjects:
LEADER 01311cam a2200289 a 4500
001 c000232939
003 CARM
005 20070418140648.0
008 920922s1972 vaua 000 0 eng d
019 1 |a 9305896  |5 LACONCORD2021 
035 |a (OCoLC)221024118  |5 LACONCORD2021 
040 |a VU  |b eng  |c VU  |d VCAV 
041 1 |a eng  |h rus 
100 1 |a Dovlatʻyan, V. A. 
245 1 0 |a Wear of flat cutting cultivator sweeps in relation to speed of movement and mechanical properties of the soil /  |c V.A. Dovlatyan. 
260 |a Springfield, Va. :  |b NTIS,  |c 1972. 
300 |a 10 leaves :  |b ill. ;  |c 29 cm. 
440 0 |a PB ;  |v 210 363-T 
500 |a Translation of: Iznos ploskorezhushchikh lap kulʹtivatora v zavisimosti ot skorosti dvizhenii͡a i mekhanicheskogo sostava pochvy. 
534 |p Originally published in:  |a Problem of mechanization and electrification of agriculture. Report of 3rd Scientific Conference, CAIME,  |c August 1964, pp. 223-227. 
546 |a Translated from the Russian. 
650 0 |a Tillage. 
650 0 |a Cultivators. 
650 0 |a Soil degradation. 
852 8 |b CARM  |h A1:AP23E0  |i F01973  |p 0342741  |f BK 
999 f f |i 0e99b4c5-db41-57b3-85e5-32754232be17  |s 145d2bf7-150c-5684-8019-0e3e54184c42 
952 f f |p Can circulate  |a CAVAL  |b CAVAL  |c CAVAL  |d CARM 1 Store  |e F01973  |f A1:AP23E0  |h Other scheme  |i book  |m 0342741